Construction science (Record no. 79787)

MARC details
000 -LEADER
fixed length control field 00616nam a2200157 a 4500
008 - FIXED-LENGTH DATA ELEMENTS--GENERAL INFORMATION
fixed length control field 120416s1976 ||||||||||||||||| || u
050 ## - LIBRARY OF CONGRESS CALL NUMBER
Classification number TA 403 Smi
100 ## - MAIN ENTRY--PERSONAL NAME
Personal name Smith, Brian John
245 10 - TITLE STATEMENT
Title Construction science
246 ## -
-- Brian John
260 ## - PUBLICATION, DISTRIBUTION, ETC.
Place of publication, distribution, etc. London
Name of publisher, distributor, etc. Longman
Date of publication, distribution, etc. 1976
300 ## - PHYSICAL DESCRIPTION
Extent 2v.
350 ## -
-- 0.00
995 ## -
-- BINDERY (DAMAGED)
-- 0.00
-- 715569
-- CBU-MAIN LIBRARY (Kitwe)
-- 1
-- 0.00
-- TA 403 Smi
-- 2
-- DAMAGED
-- 014165
-- Main Library Open Access Collection
995 ## -
-- BINDERY (DAMAGED)
-- 0.00
-- 703098
-- CBU-MAIN LIBRARY (Kitwe)
-- 2
-- 0.00
-- TA 403 Smi
-- 1
-- DAMAGED
-- 014164
-- Main Library Open Access Collection
999 ## -
-- 79787
-- 79787
Holdings
Withdrawn status Lost status Source of classification or shelving scheme Damaged status Not for loan Permanent Location Current Location Shelving location Date acquired Total Checkouts Full call number Barcode Date last seen Copy number Price effective from Koha item type
          CBU-MAIN LIBRARY, KITWE. CBU-MAIN LIBRARY, KITWE.   06/29/2023   TA 403 Smi 014165 06/29/2023 1 06/29/2023 MONOGRAPH
          CBU-MAIN LIBRARY, KITWE. CBU-MAIN LIBRARY, KITWE.   06/29/2023   TA 403 Smi 014164 06/29/2023 2 06/29/2023 MONOGRAPH